<?xml version="1.0" encoding="UTF-8"?>
<record
    xmlns:xsi="http://www.w3.org/2001/XMLSchema-instance"
    xsi:schemaLocation="http://www.loc.gov/MARC21/slim http://www.loc.gov/standards/marcxml/schema/MARC21slim.xsd"
    xmlns="http://www.loc.gov/MARC21/slim">

  <leader>00331    a2200133   4500</leader>
  <controlfield tag="005">20250627102019.0</controlfield>
  <datafield tag="020" ind1=" " ind2=" ">
    <subfield code="a">0-15-507890-9</subfield>
  </datafield>
  <datafield tag="082" ind1=" " ind2=" ">
    <subfield code="a">LM 512.1 ROM</subfield>
  </datafield>
  <datafield tag="100" ind1=" " ind2=" ">
    <subfield code="a">ROMAN, S.</subfield>
  </datafield>
  <datafield tag="245" ind1=" " ind2=" ">
    <subfield code="a">College Algebra</subfield>
  </datafield>
  <datafield tag="260" ind1=" " ind2=" ">
    <subfield code="a">San Diego,</subfield>
    <subfield code="b">Harcourt Brace Jovanovich,</subfield>
    <subfield code="c">1987.</subfield>
  </datafield>
  <datafield tag="300" ind1=" " ind2=" ">
    <subfield code="a">xii,521p.: ill.;</subfield>
    <subfield code="b">Index</subfield>
    <subfield code="c">24cm.</subfield>
  </datafield>
  <datafield tag="942" ind1=" " ind2=" ">
    <subfield code="2">ddc</subfield>
    <subfield code="c">BKS</subfield>
  </datafield>
  <datafield tag="999" ind1=" " ind2=" ">
    <subfield code="c">814</subfield>
    <subfield code="d">814</subfield>
  </datafield>
  <datafield tag="952" ind1=" " ind2=" ">
    <subfield code="r">2025-03-17 14:26:56</subfield>
    <subfield code="l">0</subfield>
    <subfield code="o">LM 512.1 ROM</subfield>
    <subfield code="p">0000001530</subfield>
    <subfield code="v">60000.00</subfield>
    <subfield code="w">2025-03-17</subfield>
    <subfield code="y">BKS</subfield>
    <subfield code="1">0</subfield>
    <subfield code="2">ddc</subfield>
    <subfield code="4">0</subfield>
    <subfield code="7">0</subfield>
    <subfield code="0">0</subfield>
    <subfield code="a">CBEML</subfield>
    <subfield code="b">CBEML</subfield>
    <subfield code="c">GEN</subfield>
    <subfield code="d">2025-03-17</subfield>
    <subfield code="g">20000.00</subfield>
  </datafield>
  <datafield tag="952" ind1=" " ind2=" ">
    <subfield code="r">2025-03-17 14:26:56</subfield>
    <subfield code="l">0</subfield>
    <subfield code="o">LM 512.1 ROM</subfield>
    <subfield code="p">0000001531</subfield>
    <subfield code="v">60000.00</subfield>
    <subfield code="w">2025-03-17</subfield>
    <subfield code="y">BKS</subfield>
    <subfield code="1">0</subfield>
    <subfield code="2">ddc</subfield>
    <subfield code="4">0</subfield>
    <subfield code="7">0</subfield>
    <subfield code="0">0</subfield>
    <subfield code="a">CBEML</subfield>
    <subfield code="b">CBEML</subfield>
    <subfield code="c">GEN</subfield>
    <subfield code="d">2025-03-17</subfield>
    <subfield code="g">20000.00</subfield>
  </datafield>
  <datafield tag="952" ind1=" " ind2=" ">
    <subfield code="r">2025-03-17 14:26:56</subfield>
    <subfield code="l">0</subfield>
    <subfield code="o">LM 512.1 ROM</subfield>
    <subfield code="p">000001532</subfield>
    <subfield code="v">60000.00</subfield>
    <subfield code="w">2025-03-17</subfield>
    <subfield code="y">BKS</subfield>
    <subfield code="1">0</subfield>
    <subfield code="2">ddc</subfield>
    <subfield code="4">0</subfield>
    <subfield code="7">0</subfield>
    <subfield code="0">0</subfield>
    <subfield code="a">CBEML</subfield>
    <subfield code="b">CBEML</subfield>
    <subfield code="c">GEN</subfield>
    <subfield code="d">2025-03-17</subfield>
    <subfield code="g">20000.00</subfield>
  </datafield>
  <datafield tag="952" ind1=" " ind2=" ">
    <subfield code="r">2025-03-17 14:26:56</subfield>
    <subfield code="l">0</subfield>
    <subfield code="o">LM 512.1 ROM</subfield>
    <subfield code="p">000001533</subfield>
    <subfield code="v">60000.00</subfield>
    <subfield code="w">2025-03-17</subfield>
    <subfield code="y">BKS</subfield>
    <subfield code="1">0</subfield>
    <subfield code="2">ddc</subfield>
    <subfield code="4">0</subfield>
    <subfield code="7">0</subfield>
    <subfield code="0">0</subfield>
    <subfield code="a">CBEML</subfield>
    <subfield code="b">CBEML</subfield>
    <subfield code="c">GEN</subfield>
    <subfield code="d">2025-03-17</subfield>
    <subfield code="g">20000.00</subfield>
  </datafield>
  <datafield tag="952" ind1=" " ind2=" ">
    <subfield code="r">2025-03-17 14:26:56</subfield>
    <subfield code="l">0</subfield>
    <subfield code="o">LM 512.1 ROM</subfield>
    <subfield code="p">000001534</subfield>
    <subfield code="v">60000.00</subfield>
    <subfield code="w">2025-03-17</subfield>
    <subfield code="y">BKS</subfield>
    <subfield code="1">0</subfield>
    <subfield code="2">ddc</subfield>
    <subfield code="4">0</subfield>
    <subfield code="7">0</subfield>
    <subfield code="0">0</subfield>
    <subfield code="a">CBEML</subfield>
    <subfield code="b">CBEML</subfield>
    <subfield code="c">GEN</subfield>
    <subfield code="d">2025-03-17</subfield>
    <subfield code="g">20000.00</subfield>
  </datafield>
  <datafield tag="952" ind1=" " ind2=" ">
    <subfield code="r">2025-03-17 14:26:56</subfield>
    <subfield code="l">0</subfield>
    <subfield code="o">LM 512.1 ROM</subfield>
    <subfield code="p">000001535</subfield>
    <subfield code="v">60000.00</subfield>
    <subfield code="w">2025-03-17</subfield>
    <subfield code="y">BKS</subfield>
    <subfield code="1">0</subfield>
    <subfield code="2">ddc</subfield>
    <subfield code="4">0</subfield>
    <subfield code="7">0</subfield>
    <subfield code="0">0</subfield>
    <subfield code="a">CBEML</subfield>
    <subfield code="b">CBEML</subfield>
    <subfield code="c">GEN</subfield>
    <subfield code="d">2025-03-17</subfield>
    <subfield code="g">20000.00</subfield>
  </datafield>
  <datafield tag="952" ind1=" " ind2=" ">
    <subfield code="r">2025-03-17 14:26:56</subfield>
    <subfield code="l">0</subfield>
    <subfield code="o">LM 512.1 ROM</subfield>
    <subfield code="p">000001536</subfield>
    <subfield code="v">60000.00</subfield>
    <subfield code="w">2025-03-17</subfield>
    <subfield code="y">BKS</subfield>
    <subfield code="1">0</subfield>
    <subfield code="2">ddc</subfield>
    <subfield code="4">0</subfield>
    <subfield code="7">0</subfield>
    <subfield code="0">0</subfield>
    <subfield code="a">CBEML</subfield>
    <subfield code="b">CBEML</subfield>
    <subfield code="c">GEN</subfield>
    <subfield code="d">2025-03-17</subfield>
    <subfield code="g">20000.00</subfield>
  </datafield>
  <datafield tag="952" ind1=" " ind2=" ">
    <subfield code="r">2025-03-17 14:26:56</subfield>
    <subfield code="l">0</subfield>
    <subfield code="o">LM 512.1 ROM</subfield>
    <subfield code="p">000001537</subfield>
    <subfield code="v">60000.00</subfield>
    <subfield code="w">2025-03-17</subfield>
    <subfield code="y">BKS</subfield>
    <subfield code="1">0</subfield>
    <subfield code="2">ddc</subfield>
    <subfield code="4">0</subfield>
    <subfield code="7">0</subfield>
    <subfield code="0">0</subfield>
    <subfield code="a">CBEML</subfield>
    <subfield code="b">CBEML</subfield>
    <subfield code="c">GEN</subfield>
    <subfield code="d">2025-03-17</subfield>
    <subfield code="g">20000.00</subfield>
  </datafield>
</record>
